[Event "Wch U12"]
[Site "Batumi"]
[Date "2022.09.23"]
[Round "7"]
[White "Evgeev, Altan"]
[Black "Theodoridis, Charalampos"]
[Result "1-0"]
[WhiteElo "1230"]
[BlackElo "1657"]
[PlyCount "114"]
[EventDate "2022.09.16"]
[EventType "swiss"]
[EventRounds "11"]
[EventCountry "GEO"]
[SourceTitle "EXT 2023"]
[Source "ChessBase"]
[SourceDate "2022.10.05"]
[SourceVersion "1"]
[SourceVersionDate "2022.10.05"]
[SourceQuality "1"]

1. d4 d5 2. c4 e6 3. Nc3 Nf6 4. cxd5 exd5 5. Bg5 c6 6. e3 Bd6 7. Bd3 0-0 8. Qc2 h6 9. Bh4 Re8 10. Nge2 a5 11. 0-0 Na6 12. a3 Nc7 13. Bg3 Ne6 14. Rad1 Bxg3 15. Nxg3 b5 16. b4 axb4 17. axb4 Qb6 18. Ra1 Bb7 19. Qb2 Ng5 20. Rxa8 Rxa8 21. Ra1 Rxa1+ 22. Qxa1 g6 23. Nge2 Kg7 24. Nc1 Qc7 25. h3 Qd6 26. Qa5 Ne6 27. Nb3 Qc7 28. Nc5 Qxa5 29. Nxe6+ fxe6 30. bxa5 Nd7 31. e4 Nb8 32. e5 Na6 33. Na2 g5 34. g4 b4 35. Nc1 Kf7 36. Nb3 Ke7 37. Kg2 Kd7 38. f4 gxf4 39. h4 Ke7 40. Kf3 Kf7 41. Kxf4 Kg7 42. g5 hxg5+ 43. hxg5 Bc8 44. Nc5 Nxc5 45. dxc5 b3 46. a6 b2 47. a7 Bb7 48. Ke3 b1Q 49. Bxb1 Kf7 50. Bd3 Ke7 51. Kd4 Kf7 52. Kc3 Ba8 53. Kb4 d4 54. Ka5 Ke7 55. Kb6 Kd7 56. g6 Ke7 57. Kc7 Kf8 1-0

[Event "Wch U12"]
[Site "Batumi"]
[Date "2022.09.19"]
[Round "4"]
[White "Evgeev, Altan"]
[Black "Ammous, Mahmoud"]
[Result "1/2-1/2"]
[WhiteElo "1230"]
[BlackElo "1522"]
[PlyCount "47"]
[EventDate "2022.09.16"]
[EventType "swiss"]
[EventRounds "11"]
[EventCountry "GEO"]
[SourceTitle "EXT 2023"]
[Source "ChessBase"]
[SourceDate "2022.10.05"]
[SourceVersion "1"]
[SourceVersionDate "2022.10.05"]
[SourceQuality "1"]

1. d4 Nf6 2. c4 g6 3. Nc3 d5 4. cxd5 Nxd5 5. e4 Nxc3 6. bxc3 Bg7 7. Rb1 0-0 8. Nf3 c5 9. Be2 cxd4 10. cxd4 Bg4 11. Rxb7 Qc8 12. Rb3 Rd8 13. d5 e6 14. 0-0 exd5 15. exd5 Be6 16. Rd3 Bf5 17. Rd2 Qc5 18. Qb3 Nd7 19. Ba3 Qc3 20. Bb2 Qxb3 21. axb3 Bxb2 22. Rxb2 Nb6 23. Rd1 Nxd5 24. Rbd2 1/2-1/2